Sélectionne uniquement les Villes de Bretagne historique - Statistiques

Statistiques générales
  • Ce quiz a été pris 55 fois
  • Le résultat moyen est 14 sur 22
Answers on the Grid
Answers color-coded by a green-red scale on the quiz's grid according to % correct below.
Quiberon
La Baule-Escoubiac
Fougères
Landivisiau
Avranches
Châteaulin
Coray
Laval
Saumur
Loudéac
Le Palais
Matignon
Paimpol
Cancale
Saint-Jean-de-Monts
Brest
Pornic
Cesson-Sévigné
Redon
Pontivy
Nantes
Sablé-sur-Sarthe
La Tranche-sur-mer
Concarneau
Binic
Crozon
Audierne
Noirmoutier-en-l'Île
Bruz
Granville
 
Statistiques - réponses
Réponse % Correct
Quiberon
93%
Brest
82%
Concarneau
82%
Paimpol
78%
Fougères
76%
Landivisiau
71%
Nantes
71%
Pontivy
71%
Redon
69%
Crozon
67%
Loudéac
67%
Pornic
67%
Cesson-Sévigné
62%
Cancale
60%
La Baule-Escoubiac
60%
Bruz
56%
Châteaulin
56%
Binic
51%
Audierne
40%
Le Palais
40%
Coray
33%
Matignon
29%
Aucun quiz correspondant
Distribution des résultats
% des personnes avec chaque résultat
Percentile par nombre de réponses
Votre historique - résultats
Vous n’avez pas pris ce quiz